D. Mattyásse Höe ... Ewangelická Ručnj Knjžka W kteréžto se z samého Slowa Božjho nepohnutedlné prokazuge Wjra tak řečených Lutheranůw gest prawá Katholická ...

Bibliographic Details
Main Author: Hoe, Matthias, 1580-1645 (Author)
Other Authors: Megander, Kryštof, zomr. 1633 (Translator)
Format: Book
Language:Czech
PhysicalDescription:438 s. 13,5 x 8 x 3,5 cm
Published: W Drážďanech [u Jana Stibora Kbelského] Léta Páně 1630
Subjects:

MARC

LEADER 00000nam a2200000 a 4500
001 vtls010079752
003 SK-MaSNL
005 20260302044624.0
008 240318s1630 gw 000 0 cze
040 |a SNK  |b slo  |c SNK  |e AACR2 
041 0 |a cze 
044 |a gw 
072 7 |a 094  |x Staré tlače  |2 konspekt 
072 7 |a 27  |x Kresťanstvo. Kresťanská cirkev všeobecne. Ekleziológia  |2 konspekt 
080 |a 094:27-285.2  |2 2008 
080 |a 094(=162.3):27-285.2  |2 2008 
080 |a 27-285.2:094(=162.3)  |2 2008 
080 |a (048.8)  |2 2008 
100 1 |a Hoe, Matthias,  |d 1580-1645  |4 aut  |9 176057 
245 1 0 |a D. Mattyásse Höe ... Ewangelická Ručnj Knjžka  |b W kteréžto se z samého Slowa Božjho nepohnutedlné prokazuge Wjra tak řečených Lutheranůw gest prawá Katholická ...  |c z Německého gazyku od M. Krystoffora Megandra přeložená 
246 3 0 |a Ewangelická Ručnj Knjžka W kteréžto se z samého Slowa Božjho nepohnutedlné prokazuge Wjra ... 
246 3 0 |a Ewangelitská Ručnj Knjžka ... 
260 |a W Drážďanech  |b [u Jana Stibora Kbelského]  |c Léta Páně 1630 
300 |a 438 s.  |c 13,5 x 8 x 3,5 cm 
500 |a Exemplár SNMK je bez tit. l., silne poškodený ohňom, NK Praha uvádza dátum vyd. 1627 podľa Knihopisu - číselné dodatky 
610 7 |a Evanjelická cirkev a.v.  |2 SNKPH  |9 32425 
650 0 7 |a staré tlače  |x kresťanská apologetika  |2 SNKPH  |9 700646 
650 0 7 |a Old prints  |x Christian apologetic  |2 SNKPHeng  |9 700647 
655 7 |a monografie Czech old prints  |2 SNK  |9 700648 
655 7 |a Monographs  |2 SNKPHeng  |9 120675 
700 1 |a Megander, Kryštof,  |d zomr. 1633  |4 trl  |4 pbl  |9 700649 
752 |a Nemecko  |d Drážďany 
958 |a ONDV 
999 |c 1090408  |d 1092338 
952 |a SNK  |b SNK  |y PREZ  |7 0  |p 17X010079752001  |o snkID 65  |i snk1622/36  |3 rekatalogizácia  |0 0  |1 0  |4 0  |d 2010-03-25  |l 0  |r 2026-02-24 16:55:19  |w 2026-02-24